Dog Breeds by Picture: AKC Toy Group - Statistics

General Stats
  • This quiz has been taken 73 times
  • The average score is 14 of 23
Answer Stats
Picture Answer % Correct
Pug
100%
Chihuahua
96%
Pomeranian
91%
Yorkshire Terrier
83%
Cavalier King Charles Spaniel
78%
Maltese
78%
Papillon (or Phalène)
78%
Italian Greyhound
74%
Shih Tzu
74%
Toy Poodle
74%
Chinese Crested
72%
Pekingese
67%
Brussels Griffon
63%
Miniature Pinscher
63%
Japanese Chin
52%
Havanese
48%
Silky Terrier
48%
Affenpinscher
43%
Russian Toy
41%
English Toy Spaniel
39%
Toy Manchester Terrier
33%
Toy Fox Terrier
24%
Biewer Terrier
22%
No matching quizzes found
Score Distribution
Percent of People with Each Score
Percentile by Number Answered
Your Score History
You have not taken this quiz